RDR2 Named Horses - Statistics

General Stats
  • This quiz has been taken 72 times
  • The average score is 6 of 25
Answer Stats
Hint Answer % Correct
Arabian The Count
91%
Turkoman Silver Dollar
54%
Ardennes Brown Jack
53%
Appaloosa Taima
53%
Missouri Fox Trotter Baylock
49%
Hungarian Half-bred Old Boy
47%
Turkoman Bob
35%
Thoroughbred Rachel
35%
American Paint Boaz
33%
Mustang Maggie
26%
Dutch Warmblood Beull
23%
Kentucky Saddler Nell II
21%
Appaloosa Nell IV
19%
Nakota Old Belle
19%
American Standardbred Ennis
18%
Tennesee Walker Branwen
16%
Appaloosa Gwydion
14%
Mustang Hera
9%
American Standardbred Ariel
4%
Nakota Falmouth
4%
Missouri Fox Trotter Biscuit
2%
Turkoman Cerberus
2%
Morgan Jeremiah
2%
Arabian Old Faithful
2%
Arabian Old Father Time
2%
No matching quizzes found
Score Distribution
Percent of People with Each Score
Percentile by Number Answered
Your Score History
You have not taken this quiz